000 00621cam a22001577a 4500
008 180718b2001 xxu||||| |||| 00| 0 eng d
082 _aT4x49 C398
245 _aFinancial markets, credit constraints, and investment in rural Romania
_cby Rodrigo A. Chaves et.al.
260 _aWashington, D.C.
_bWorld Bank
_c2001
300 _a98p.
440 _aWorld Bank technical paper no. 499. Europe and Central Asia environmentally and socially sustainable development series
650 _aInvestments - Romania
650 _aFinancial institutions - Romania
650 _aRural credit - Romania
700 _aChaves, Rodrigo A.
999 _c284980
_d284980